Normal view
MARC view
- Nashelsky ,Louis , Kishore , k. Lal
Entry Corporate Name
001 - CONTROL NUMBER
- control field: 123637
003 - CONTROL NUMBER IDENTIFIER
- control field: NUST
005 - DATE AND TIME OF LATEST TRANSACTION
- control field: 20240613145922.0
008 - FIXED-LENGTH DATA ELEMENTS
- fixed length control field: 240613|| aca||aabn | a|a d
040 ## - CATALOGING SOURCE
- Original cataloging agency: NUST
- Transcribing agency: NUST
110 ## - HEADING--CORPORATE NAME
- Corporate name or jurisdiction name as entry element: Nashelsky ,Louis , Kishore , k. Lal
670 ## - SOURCE DATA FOUND
- Source citation: Work cat.: (NUST): Boylestad , Robert .L 83339, Electronic Devices and Circuit Theory, 2006.
